000 00899 a2200229 4500
003 Nust
005 20221020092345.0
010 _a 2011043570
020 _a9781439852880 (alk. paper)
040 _cNust
082 0 0 _a620.0042,GAR
100 1 _aLangford, Gary O.
_92231
245 1 0 _aEngineering systems integration :
_btheory, metrics, and methods /
_cGary O. Langford.
260 _aBoca Raton :
_bTaylor & Francis,
_cc2012.
300 _axix, 386 p. :
_bill. ;
_c25 cm.
505 _aImportance of Integration (Page-1), Essences of Interaction (Page-29), Foundations in Systems Integration (Page-103), Systems (Page-189), Integration in Systems Engineering Context (Page-215), Systems Integration Management (Page-283).
650 0 _aProduct life cycle.
650 0 _aSystem analysis.
_92233
650 0 _aSystems engineering.
650 0 _aSystems integration.
_92234
942 _2ddc
_cBK
999 _c212523
_d212523